000
00285nam a22001217a 4500
008
180124b xxu||||| |||| 00| 0 eng d
041
_a
eng
080
_a
612.39
100
_a
10
101
_a
NUT
245
_a
Focus on buying and using convenience foods
_c
Axler,B.H
942
_2
udc
_c
BK
999
_c
40869
_d
40869